Platero (Record no. 1639)

MARC details
000 -LEADER
campo de control de longitud fija 00817nas a22002531i#4500
001 - NÚMERO DE CONTROL
campo de control 1639
003 - IDENTIFICADOR DE NÚMERO DE CONTROL
campo de control ES-MaACL
005 - FECHA Y HORA DE LA ÚLTIMA TRANSACCIÓN
campo de control 20250802062545.0
007 - CAMPO FIJO DE DESCRIPCIÓN FÍSICA--INFORMACIÓN GENERAL
campo de control de longitud fija t|
008 - DATOS DE LONGITUD FIJA--INFORMACIÓN GENERAL
campo de control de longitud fija 950801d19501954sp | | 1 ||pa d
022 ## - NÚMERO INTERNACIONAL NORMALIZADO PARA PUBLICACIONES SERIADAS
Número Internacional Normalizado para Publicaciones Seriadas 0551-0627
080 ## - NÚMERO DE LA CLASIFICACIÓN DECIMAL UNIVERSAL
Número de la Clasificación Decimal Universal 82.09
245 00 - MENCIÓN DEL TÍTULO
Título Platero
Resto del título : verso y prosa.
260 ## - PUBLICACIÓN, DISTRIBUCIÓN, ETC.
Lugar de publicación, distribución, etc. Cádiz :
Nombre del editor, distribuidor, etc. [Platero],
Fecha de publicación, distribución, etc. [1950-1954] (
Fabricante Talleres Gráficos La Voz del sur)
300 ## - DESCRIPCIÓN FÍSICA
Extensión v :
Otras características físicas grab ;
Dimensiones 25 cm.
310 ## - PERIODICIDAD ACTUAL
Periodicidad actual Mensual
362 0# - FECHAS DE PUBLICACIÓN Y/O DESIGNACIÓN SECUENCIAL
Fecha de publicación y/o designación secuencial 1ª época (31 marzo 1950)-39 ; 2. época, n. 1 (en. 1951)-n. 24.
555 ## - NOTA DE ÍNDICE ACUMULATIVO U OTROS INSTRUMENTOS BIBLIOGRÁFICOS
Nota de índice acumulativo u otros instrumentos bibliográficos Índices por José Antonio Hernández Guerrero.
580 ## - NOTA DE RELACIÓN COMPLEJA
Nota de relación compleja Existe una reprod. facs. publicada en Sevilla en 2000.
650 17 - PUNTO DE ACCESO ADICIONAL DE MATERIA--TÉRMINO DE MATERIA
Término de materia o nombre geográfico como elemento de entrada Literatura española
Fuente del encabezamiento o término embne
9 (RLIN) 14539
852 ## - LOCALIZACIÓN
Ubicación ES-MaACL
Número de control de estantería R-2774
Encuadernación Olim:Hem-902
866 #0 - MENCIÓN TEXTUAL DE FONDOS--UNIDAD BIBLIOGRÁFICA BÁSICA
Fondos (1951f.n.1)1952-54
Holdings
Estatus retirado Estado de pérdida Estado de daño No para préstamo Colección Biblioteca de origen Biblioteca actual Ubicación en estantería Fecha de adquisición Fuente de adquisición Total de préstamos Signatura topográfica completa Código de barras Visto por última vez Precio de reemplazo Tipo de ítem Koha
        Periódicos y Revistas Biblioteca del Ateneo de Madrid Biblioteca del Ateneo de Madrid Depósito 17/01/2008     R-2774 1001674 23/02/2023 23/02/2023 Revista